000 00644cab a2200205 4500
001 ABS42396
008 090401t1990 xxu||||| |||| 00| 0 eng d
035 _a(Sirsi) u36550
041 _aeng
100 _aWilson, S.
245 _aFour Millbank
260 _c1990
350 _a0
490 _aFacilities
_v8(2) February 1990, 17-18(2)
520 _aInvestigates the claim by Nisses Millbank that its new office development at 4 Millbank is the first in London to be designed specifically with health in mind.
650 _aSICK BUILDING SYNDROME
690 _aOFFICE SERVICES AND ADMINISTRATION
942 _n0
948 _c04/03/1997
999 _c23693
_d23693